| 000 | 00870cam a2200253 a 4500 | ||
|---|---|---|---|
| 999 |
_c17970 _d17970 |
||
| 008 | 020820s2003 maua bs 001 0 eng | ||
| 010 | _a 2001133260 | ||
| 020 | _a0618214178 | ||
| 050 | 0 | 0 | _aHG179 .G33 2003 |
| 100 | 1 | _aGarman, E. Thomas. | |
| 245 | 1 | 0 |
_aPersonal finance / _cE. Thomas Garman, Raymond E. Forgue. |
| 250 | _a7th ed. | ||
| 260 |
_aBoston : _bHoughton Mifflin, _cc2003. |
||
| 300 |
_axxxii, 566, [38] p. : _bill. (some col) ; _c26 cm. |
||
| 504 | _aIncludes bibliographical references and index. | ||
| 650 | 0 | _aFinance, Personal. | |
| 700 | 1 | _aForgue, Raymond E. | |
| 942 |
_2lcc _cBOOKS _hHG179 .G33 2003 |
||